<?xml version="1.0" encoding="UTF-8"?>
<collection xmlns="http://www.loc.gov/MARC21/slim">
 <record>
  <leader>00921cam a22002415a 4500</leader>
  <controlfield tag="001">EIQ.libpla000279</controlfield>
  <controlfield tag="008">041116s2005####ilua#####bf###001#0#eng#d</controlfield>
  <controlfield tag="005">20070906151444.0</controlfield>
  <datafield tag="245" ind1="0" ind2="4">
   <subfield code="a">The biodiesel handbook /</subfield>
   <subfield code="c">editors, Gerhard Knothe, Jon Van Gerpen, Jurgen Krahl.</subfield>
  </datafield>
  <datafield tag="260" ind1=" " ind2=" ">
   <subfield code="a">Champaign, Ill. :</subfield>
   <subfield code="b">AOCS Press,</subfield>
   <subfield code="c">c2005.</subfield>
  </datafield>
  <datafield tag="300" ind1=" " ind2=" ">
   <subfield code="a">ix, 302 p. :</subfield>
   <subfield code="b">il. ;</subfield>
   <subfield code="c">24 cm.</subfield>
  </datafield>
  <datafield tag="504" ind1=" " ind2=" ">
   <subfield code="a">Incluye referencias bibliográficas e índice.</subfield>
  </datafield>
  <datafield tag="020" ind1=" " ind2=" ">
   <subfield code="a">1893997790 (acid-free paper)</subfield>
  </datafield>
  <datafield tag="700" ind1="1" ind2=" ">
   <subfield code="a">Knothe, Gerhard,</subfield>
   <subfield code="e">ed.</subfield>
   <subfield code="4">edt</subfield>
  </datafield>
  <datafield tag="700" ind1="1" ind2=" ">
   <subfield code="a">Van Gerpen, Jon Harlan,</subfield>
   <subfield code="e">ed.</subfield>
   <subfield code="4">edt</subfield>
  </datafield>
  <datafield tag="700" ind1="1" ind2=" ">
   <subfield code="a">Krahl, Jurgen,</subfield>
   <subfield code="d">1962-,</subfield>
   <subfield code="e">ed.</subfield>
   <subfield code="4">edt</subfield>
  </datafield>
  <datafield tag="082" ind1="0" ind2="0">
   <subfield code="a">662/.669</subfield>
   <subfield code="2">22</subfield>
  </datafield>
  <datafield tag="650" ind1=" " ind2="4">
   <subfield code="a">Combustibles Biodiesel</subfield>
   <subfield code="x">Handbook.</subfield>
  </datafield>
  <datafield tag="650" ind1=" " ind2="4">
   <subfield code="a">Biodiesel fuels</subfield>
   <subfield code="x">Handbook.</subfield>
  </datafield>
  <datafield tag="010" ind1=" " ind2=" ">
   <subfield code="a">  2004027236</subfield>
  </datafield>
  <datafield tag="040" ind1=" " ind2=" ">
   <subfield code="a">DLC</subfield>
   <subfield code="c">DLC</subfield>
   <subfield code="d">AR-BbSID</subfield>
  </datafield>
  <datafield tag="856" ind1="4" ind2="1">
   <subfield code="3">Tabla de contenido</subfield>
   <subfield code="u">http://www.loc.gov/catdir/toc/ecip054/2004027236.html</subfield>
  </datafield>
  <datafield tag="859" ind1=" " ind2=" ">
   <subfield code="a">AR-BbSID</subfield>
   <subfield code="b">BIB. PLAPIQUI</subfield>
   <subfield code="h">662.669</subfield>
   <subfield code="i">K 759</subfield>
   <subfield code="p">5808</subfield>
  </datafield>
 </record>
</collection>
